| 000 | 00730nam a22001937a 4500 | ||
|---|---|---|---|
| 999 |
_c163807 _d163807 |
||
| 005 | 20190501131443.0 | ||
| 010 | _aUR-10049 | ||
| 020 |
_c175.00 _a- |
||
| 035 | _aU-8604 | ||
| 037 | _bDBAD/PUB | ||
| 082 | _a840.08 | ||
| 100 | _a صد يقی علی ا لد ين | ||
| 245 |
_aشگفتہ ز ا ر _cصد يقی علی ا لد ين |
||
| 246 |
_b Shugufta Zaar(Urdu) _aby Aliuddin Siddiqui |
||
| 260 |
_aAurangabad _bNawa-e-Decan Publications _c2019ء |
||
| 270 |
_a2019ءBaitul Ankaboot,Plot No. 7,Infront ofMastan FunctionHall,Majnu hills, _bAurangabad _e431001 _k9823976565 _l- |
||
| 300 |
_a139ص _c22 Cm.(bk) |
||
| 942 |
_2ddc _cUR _h840.08 _mص د ی |
||